000 00723cam a2200205 a 4500
020 _a1853391085
040 _cDJBF
082 0 0 _a664 INT 1992 C153 Or.
245 0 0 _aSmall-scale food processing :
_ba guide to appropriate equipment /
260 _aLondon, UK. :
_bIntermediate Technology Publications in association with CTA,
_c1992.
300 _axiii, 158 p. :
_bill. ;
_c30 cm.
500 _aIncludes indexes.
650 0 _aFood industry and trade
650 0 _aFood processing machinery
700 1 _aFellows, P.
700 1 _aHampton, Ann.
856 4 2 _uhttp://www.loc.gov/catdir/enhancements/fy1117/93149008-b.html
856 4 2 _uhttp://www.loc.gov/catdir/enhancements/fy1117/93149008-d.html
942 _cAEDBB
999 _c19262
_d19262